Responses for show #8029 - Thursday, July 4, 2019

Ryan Bilger game 1.

Contestants

[<< previous game]

Ryan Bilger, a student from Macungie, Pennsylvania

Wendy Foster, a social worker from Portland, Oregon

Charlie Jorgenson, a librarian from Loveland, Colorado (whose 2-day cash winnings total $56,800)

[next game >>]

Jeopardy! Round responses

APPLE
GRANNY SMITH
GALA
JAZZ
FUJI
RED, DELICIOUS
    $200 29
Steve Jobs

Charlie
    $200 10
Carter

Charlie
    $200 2
libraries

Charlie
    $200 1
Miles Davis

Wendy
    $200 30
yen

Charlie
    $200 20
lobster

Charlie
    $400 28
Siri

Charlie
    $400 11
Maggie Smith

Wendy
    $400 7
Robin Hood

Ryan
    $400 3
a saxophone

Charlie
    $400 8
volcanoes

Charlie
    $400 21
Twizzlers

Wendy
    $600 27
U2

Charlie
    $600 12
Joseph Smith

Charlie
    $600 9
Vogue

Ryan
    $600 4
the Playboy Festival

Charlie
    $600 17
Honshu

Ryan
    $600 22
beets

Wendy
    $800 26
the Genius Bar

Wendy
    $800 13
Patti Smith

Wendy
    $800 15
Wolfgang Puck

Wendy
    $800 5
bebop

Ryan
    $800 18
the Fukushima disaster

Ryan
    $800 23
marinara

Wendy
    $1000 25
(Alex: With less than a minute now.)

FaceTime

Ryan
    $1,400 14
A Tree Grows in Brooklyn

Wendy
    $1000 16
Norway

Ryan
    $1000 6
Django Reinhardt

Charlie
    $1000 19
Shinto

Wendy
    $1000 24
Bing

Charlie

Scores at the first commercial break (after clue 14):

Charlie Wendy Ryan
$3,400 $2,800 $1,800

Scores at the end of the Jeopardy! Round:

Charlie Wendy Ryan
$6,000 $7,200 $5,200

Double Jeopardy! Round responses

B.C. VIPs
BEFORE & AFTER ON THE TUBE
FLOATING HOLIDAYS
BRITISH LITERATURE
MEN OF SCIENCE
VERBI"AGE"
    $400 20
Hannibal

Wendy
    $400 14
Match Game of Thrones

Triple Stumper
    $400 2
the new moon

Wendy
    $400 16
Antony and Cleopatra

Ryan
    $400 17
genetics

Ryan
    $400 22
voyage

Ryan
    $5,200 1
Socrates

Ryan
    $800 15
The Good Doctor Who

Ryan
    $800 3
yoga

Ryan
    $800 10
Pickwick

Charlie
    $800 18
Mendeleev

Charlie
    $800 23
message

Ryan
    $1200 4
Nefertiti

Wendy
    $1200 28
Addams Family Ties

Wendy
    $1200 13
Advent

Charlie
    $1200 7
Kipling

Charlie
    $1200 19
Galileo

Ryan
    $1200 24
salvage

Charlie
    $1600 5
the republic

Ryan
    $1600 29
Patrick Melrose Place

Triple Stumper
    $1600 12
the rosary

Ryan
    $1600 8
Lady Chatterley's Lover

Ryan
    $1600 21
Ptolemy

Ryan
    $1600 25
hemorrhage

Charlie
    $2000 6
Solon

Ryan
    $2000 30
Bass Masters of Sex

Charlie
    $2000 11
Sukkot

Ryan
    $7,000 9
The Faerie Queene

Ryan
    $2000 27
Heisenberg

Ryan
    $2000 26
scrimmage

Wendy

Scores at the end of the Double Jeopardy! Round:

Charlie Wendy Ryan
$14,800 $12,400 $34,600
(lock game)

[wagering suggestions for these scores]

Final Jeopardy! Round responses

ON BROADWAY
WendyWhat is Amadeus?
$12,400
CharlieWhat is Amadeus?
$10,001
RyanWhat is Amadeus?
$50
Amadeus

Final scores:

Charlie Wendy Ryan
$24,801 $24,800 $34,650
2nd place: $2,000 3rd place: $1,000 New champion: $34,650

Game dynamics:

Coryat scores:

Charlie Wendy Ryan
$14,800 $12,000 $25,200
20 R,
0 W
15 R
(including 1 DD),
0 W
23 R
(including 2 DDs),
0 W

Combined Coryat: $52,000

The J! Archive is created by fans, for fans. The Jeopardy! game show and all elements thereof, including but not limited to copyright and trademark thereto, are the property of Jeopardy Productions, Inc. and are protected under law. This website is not affiliated with, sponsored by, or operated by Jeopardy Productions, Inc. Join the discussion at JBoard.tv.